| 000 | 02306cam a22005054i 4500 | ||
|---|---|---|---|
| 003 | PE-LiUPU | ||
| 005 | 20250731180102.0 | ||
| 008 | 150617s1986 sp r 000 0 spa d | ||
| 035 | _a(Sirsi) a17774 | ||
| 040 |
_aPE-LiUPU _bspa _cPE-LiUPU _erda |
||
| 049 | _aPRUA | ||
| 082 | 0 | 4 |
_a540 _bF _221 |
| 100 | 1 |
_aBrescia, Frank, _eautor. |
|
| 245 | 1 | 0 |
_aFundamentos de química / _cFrank Brescia, [y otros tres]. |
| 264 | 1 |
_aMéxico : _bEditorial Continental, _c1986. |
|
| 300 |
_a684 páginas ; _c25 centímetros |
||
| 336 |
_atext _2rdacontent |
||
| 337 |
_aunmediated _2rdamedia |
||
| 338 |
_avolume _2rdacarrier |
||
| 505 | 0 | _aGases -- Pesos atómicos y moleculares -- Ecuaciones químicas y aritmética química -- Primera ley de la termodinámica -- Estructura de los átomos -- Periodicidad química -- Tipos de enlace químicos -- Estados condensados de la materia -- Soluciones -- Equilibrio químico -- Soluciones iónicas -- Acidos y bases -- Cálculos de equilibrio iónico -- Análisis de iones en solución -- Celdas galvánicas -- Segunda ley de la termodinámica -- Teoría de las orbitales moleculares en el enlazamiento -- Hibridación de orbitales y forma molecular -- Cinética química -- Los elementos representativos -- Elementos de transición: iones y moléculas complejos -- Química orgánica -- Radiación y materia -- Química nuclear -- Polímeros y productos bioquímicos. | |
| 526 | _aSEG44 | ||
| 526 | _aSEG26 | ||
| 526 | _aP159 | ||
| 526 | _aP155 | ||
| 526 | _aP154 | ||
| 526 | _aP153 | ||
| 526 | _aP150 | ||
| 526 | _aP100 | ||
| 526 | _aP31 | ||
| 526 | _aP30 | ||
| 526 | _aP26 | ||
| 526 | _aP25 | ||
| 526 | _aP24 | ||
| 526 | _aP22 | ||
| 526 | _aP15 | ||
| 526 | _aP10 | ||
| 650 | 0 | 4 | _aQuímica. |
| 910 |
_ajck _bjvq _cjck _d20150616 |
||
| 942 |
_2ddc _cBOOK |
||
| 949 |
_a540 B82 _wDEWEY _c1 _i27964 _lCCODEBUL1 _mBUL _p33.00 _r0 _sY _tBOOK _u2015-04-21 _xEDUCACION _zUNKNOWN _0COMPRA _o.STAFF. Colección Ciencias Humanas y Educación |
||
| 994 |
_aC0 _bPEPRU |
||
| 596 | _a1 | ||
| 999 |
_a540 B82 _wDEWEY _c17391 _i27964 _d17391 _f2021-11-8 _g6 _lCCODEBUL1 _mBUL _p33.00 _q1 _r0 _sY _tBOOK _u2015-4-21 _xEDUCACION _zUNKNOWN _0COMPRA _o.STAFF. Colección Ciencias Humanas y Educación |
||
| 980 |
_81 _gALBERTO SANCHEZ Responsable de Automatización |
||